[Event "Neuilly Ernst Young Trophy"]
[Site "Neuilly"]
[Date "2006.05.13"]
[Round "3"]
[White "Kalfa, Mikael"]
[Black "Brixtel, Romain"]
[Result "0-1"]
[WhiteElo "1499"]
[BlackElo "1850"]
[PlyCount "52"]
[EventDate "2006.05.13"]
[EventType "swiss"]
[EventRounds "4"]
[EventCountry "FRA"]
[SourceTitle "EXT 2007"]
[Source "ChessBase"]
[SourceDate "2006.11.23"]
[SourceVersion "1"]
[SourceVersionDate "2006.11.23"]
[SourceQuality "1"]

1. d4 Nf6 2. e3 g6 3. Nf3 Bg7 4. b3 d6 5. Bb2 0-0 6. Bc4 Nbd7 7. 0-0 Nb6 8. Nc3 Nxc4 9. bxc4 c5 10. Rb1 Bg4 11. a3 Nd7 12. Qd2 Bxf3 13. gxf3 Nb6 14. Qd3 Rc8 15. Ne4 cxd4 16. Bxd4 Bxd4 17. Rb4 Bg7 18. f4 Qd7 19. Nd2 Rc5 20. Rfb1 Qg4+ 21. Kf1 Rh5 22. f3 Qh3+ 23. Kg1 Qxh2+ 24. Kf1 Qh1+ 25. Kf2 Rh2+ 26. Kg3 Qg2# 0-1